00589nam a22001697a 450000500170000001000150001702000260003203500140005803700130007208200160008510000160010124501180011726000490023527000480028430000360033250000510036820171114121910.0 aENG-121394 a9788184246940c595.00 aEN-104926 bDBAD/PUB a338.1095475 aMehta, Niti aDevelopments in agriculutre :ba comparative analysis of the growth components across two states /cby Niti Mehta aNew Delhi bAllied Publishers Private c2011 a1/13-14 Asaf Ali Road ,bNew Delhi e110002 aviii,194 p. :c26 cm (Hb)bill. aIncludes biblilgraphical references and index.